Análisis de la educación del turismo sostenible : aportes desde la academia /

Detalles Bibliográficos
Autores principales: Rodríguez Zárate, Claudia Patricia (Autor), Mora Forero, Jorge Alexander (Autor)
Formato: Electrónico eBook
Lenguaje:español
Publicado: Bogotá D.C., Colombia : Universidad EAN, [2025]
Edición:Primera edición.
Colección:Colección Comunicación, política y cultura (Universidad EAN)
Materias:
Acceso en línea:Digitalia Hispánica

MARC

LEADER 00000nam a2200000Ii 4500
001 DIGUEAN0034
003 NyNyDIG
006 m o d
007 cr |||||||||||
008 250614s2025 ck a ob 000 0 spa d
035 |a (OCoLC)1525188546 
040 |a DGITA  |b eng  |e rda  |e pn  |c DGITA 
020 |a 9789587567267  |q eBook 
024 7 |a https://doi.org/10.57793/9789587567267 
050 1 4 |a G154.9 ebook 
100 1 |a Rodríguez Zárate, Claudia Patricia,  |e author. 
245 1 0 |a Análisis de la educación del turismo sostenible :  |b aportes desde la academia /  |c autores, Claudia Patricia Rodríguez Zárate, Jorge Alexander Mora Forero. 
250 |a Primera edición. 
264 1 |a Bogotá D.C., Colombia :  |b Universidad EAN,  |c [2025] 
300 |a 1 online resource :  |b illustrations. 
336 |a text  |b txt  |2 rdacontent 
337 |a computer  |b c  |2 rdamedia 
338 |a online resource  |b cr  |2 rdacarrier 
347 |a text file  |2 rdaft 
347 |b PDF 
490 1 |a Colección Comunicación, política y cultura 
504 |a Includes bibliographical references. 
588 0 |a Online resource; title from PDF title page (Digitalia, viewed June 14, 2025) 
650 0 |a Tourism  |x Study and teaching. 
650 0 |a Sustainable tourism. 
650 0 |a Articulation (Education) 
700 1 |a Mora Forero, Jorge Alexander,  |e author. 
791 2 |a Digitalia (Firm),  |e distributor. 
793 0 |g Digitalia eBook Collection:  |a Universidad EAN 
830 0 |a Colección Comunicación, política y cultura (Universidad EAN) 
856 4 0 |3 Digitalia Hispánica  |u https://www.digitaliapublishing.com/a/170565/ 
910 |a Premium collection: 2025